Child social work policy and practice (Record no. 221795)
[ view plain ]
| 000 -LEADER | |
|---|---|
| fixed length control field | 00573nam a22001937a 4500 |
| 005 - DATE AND TIME OF LATEST TRANSACTION | |
| control field | 20220420123619.0 |
| 008 - FIXED-LENGTH DATA ELEMENTS--GENERAL INFORMATION | |
| fixed length control field | 220309b ||||| |||| 00| 0 eng d |
| 020 ## - INTERNATIONAL STANDARD BOOK NUMBER | |
| International Standard Book Number | 9781412920544 |
| 040 ## - CATALOGING SOURCE | |
| Transcribing agency | AL |
| 041 ## - LANGUAGE CODE | |
| Language code of text/sound track or separate title | eng |
| 082 ## - DEWEY DECIMAL CLASSIFICATION NUMBER | |
| Edition number | 23 |
| Classification number | 362.70941 |
| Item number | KIRC |
| 100 ## - MAIN ENTRY--PERSONAL NAME | |
| Personal name | Derek Kirton |
| 9 (RLIN) | 23230 |
| 245 ## - TITLE STATEMENT | |
| Title | Child social work policy and practice |
| 260 ## - PUBLICATION, DISTRIBUTION, ETC. | |
| Place of publication, distribution, etc. | London |
| Name of publisher, distributor, etc. | Sage |
| Date of publication, distribution, etc. | 2009 |
| 300 ## - PHYSICAL DESCRIPTION | |
| Extent | 214p. |
| Other physical details | HB |
| Dimensions | 24x16cm. |
| 365 ## - TRADE PRICE | |
| Source of price type code | General |
| Price type code | VBI-1346 |
| Price amount | ₹7263.30 |
| Currency code | ₹ |
| Unit of pricing | ₹9684.40 |
| Price note | 25% |
| Price effective from | 21/02/2022 |
| 650 ## - SUBJECT ADDED ENTRY--TOPICAL TERM | |
| Source of heading or term | Social services |
| Topical term or geographic name entry element | Social welfare Problems |
| 9 (RLIN) | 23231 |
| 942 ## - ADDED ENTRY ELEMENTS (KOHA) | |
| Source of classification or shelving scheme | Dewey Decimal Classification |
| Koha item type | Book |
| Withdrawn status | Lost status | Source of classification or shelving scheme | Damaged status | Not for loan | Collection code | Home library | Current library | Date acquired | Source of acquisition | Cost, normal purchase price | Total Checkouts | Full call number | Barcode | Date last seen | Cost, replacement price | Price effective from | Koha item type |
|---|---|---|---|---|---|---|---|---|---|---|---|---|---|---|---|---|---|
| Dewey Decimal Classification | MSW | St Aloysius PG Library | St Aloysius PG Library | 03/05/2022 | Vidyarthi Books | 7263.30 | 362.70941 KIRC | PG023704 | 08/24/2022 | 9684.40 | 03/09/2022 | Book |